La Liga - Spanish Football Stadiums - Statistics

General Stats
  • This quiz has been taken 583 times
  • The average score is 12 of 20
Answer Stats
Stadium: Team: % Correct
Camp Nou Barcelona
100%
Santiago Bernabéu Real Madrid
100%
Mestalla Valencia
92%
Vicente Calderón Atlético Madrid
88%
Ramón Sánchez Pizjuán Sevilla
85%
San Mamés Athletic Bilbao
83%
Anoeta Real Sociedad
71%
Ciutat de València Levante
64%
Estadi Cornellà-El Prat Espanyol
63%
Estadio Riazor Deportivo La Coruña
57%
La Rosaleda Málaga
55%
Campo de Vallecas Rayo Vallecano
54%
Coliseum Alfonso Pérez Getafe
49%
Balaídos Celta Vigo
47%
El Madrigal Villarreal
46%
Ipurua Municipal Eibar
43%
Los Cármenes Granada
40%
Estadio Martínez Valero Elche
35%
Estadio de Mediterráneos Almería
30%
Nuevo Arcángel Córdoba
28%
No matching quizzes found
Score Distribution
Percent of People with Each Score
Percentile by Number Answered
Your Score History
You have not taken this quiz